| 000 | 00584nam a22002057a 4500 | ||
|---|---|---|---|
| 003 | DO-SdBNP | ||
| 005 | 20210917101246.0 | ||
| 007 | ta | ||
| 008 | 210917b 2015 dr a 00| 0 eng d | ||
| 020 | _a9789945912876 | ||
| 040 |
_aDO-SdBNP _bspa _cBNPHU |
||
| 082 | 4 | _aBNPHU | |
| 100 | 1 |
_aJesús Bidó, Ana de _979933 |
|
| 245 | 1 | 3 |
_aLa niña y el espíritu santo / _cAna de Jesús Bidó ; edición Rafael Montalvo |
| 260 |
_aSanto Domingo : _bLibertad ; _c2015. |
||
| 300 |
_a144 p. : _bil. ; _c20 cm. |
||
| 700 | 1 |
_aMontalvo, Rafael, _eed. _979934 |
|
| 910 | _aBtavárez | ||
| 942 |
_2ddc _cLBS1 |
||
| 999 |
_c50555 _d50555 |
||